01831cam a2200205 i 4500020001800000020001500018020001800033020001500051020001500066020001800081040000800099082002600107100002300133245004100156250002200197300007300219520130100292650001101593700002101604 a9781260240832 a1260240835 a9781260488623 a1260488624 a1260571041 a9781260571042 cDLC a237 JAM 2021 A006 OR.1 aBidlack, James E.,10aStern's introductory plant biology / aFifteenth edition axvi, 509, A76, G13, I25 pages :billustrations (some color) ;c28 cm a"Plants and algae are essential for life on earth as it exists today. They provide our world with oxygen and food, make an essential contribution to water and nutrient cycling in ecosystems, provide clothing and shelter, and add beauty to our environment. Some scientists believe that if photosynthetic organisms exist on planets beyond our solar system, it would be possible to sustain other forms of life that depend upon them to survive. Botany today plays a special role in many interests of both major and nonmajor students. For example, in this text, topics such as global warming, ozone layer depletion, acid rain, genetic engineering, organic gardening, Native American and pioneer uses of plants, pollution and recycling, houseplants, backyard vegetable gardening, natural dye plants, poisonous and hallucinogenic plants, nutritional values of edible plants, and many other topics are discussed. To intelligently pursue such topics, one needs to understand how plants grow and function. To this end, the text assumes little prior knowledge of the sciences on the part of the student, but covers basic botany, without excessively resorting to technical terms. The coverage, however, includes sufficient depth to prepare students to go further in the field, should they choose to do so."-- 0aBotany1 aJansky, Shelley,